01175nam a2200241Ia 4500001000600000003000900006008004100015040001300056040001300069041001300082100001800095100002900113245001100142245006000153250001100213260001100224260001200235260004900247300005900296500051100355650003600866650003100902E0166IT-RoPAU130308s9999 xx 000 0 und d aIT-RoPAU cIT-RoPAU aITALIANO aPutnam Hilary gCodice Aut. SPICS: 3328 aLogica bEnciclopedia Einaudi (Volume Ottavo: Labirinto-Memoria) a1a ed. aTORINO bEinaudi c1993 [1° Ed.:1993 - Ed.Ling.Originale:1993] a"60 p. (prefazione: no ; testo: 60 [pagine: 491-550])" aAlgebra Booleana e Algebra Ordinaria. Aristotele e Boole. Logica degli Enunciati e Algebra Booleana. Logica degli Enunciati: Assiomi e Notazione. Logica del Prim'Ordine. Begriffsschrift di Frege. Crisi dei Fondamenti di Frege: paradosso di Russell. Teoria degli Insiemi di Zermelo Fraenkel. Risultati della Logica moderna. paradosso di Skolem. calcolo Infinitesimale e Analisi Non Standard. Filosofia della Matematica: Logicismo, Positivismo Logico,Formalismo, Platonismo, Olismo, Modalismo, Intuizionismo. aOPERE varie DI CULTURA GENERALE eCodice materia Spics: 1002